<?xml version="1.0" encoding="UTF-8"?>
<record
    xmlns:xsi="http://www.w3.org/2001/XMLSchema-instance"
    xsi:schemaLocation="http://www.loc.gov/MARC21/slim http://www.loc.gov/standards/marcxml/schema/MARC21slim.xsd"
    xmlns="http://www.loc.gov/MARC21/slim">

  <leader>02395nam a2200265   4500</leader>
  <controlfield tag="001">113905</controlfield>
  <controlfield tag="003">DR-UNIBE</controlfield>
  <controlfield tag="005">20250722101907.0</controlfield>
  <controlfield tag="008">250722b2002    dr ||||| |||| 00| 0 spa d</controlfield>
  <datafield tag="020" ind1=" " ind2=" ">
    <subfield code="a">9993468029</subfield>
  </datafield>
  <datafield tag="040" ind1=" " ind2=" ">
    <subfield code="a">BIBLIOTECA UNIBE</subfield>
    <subfield code="c">BIBLIOTECA UNIBE</subfield>
    <subfield code="b">spa</subfield>
    <subfield code="e">rda</subfield>
  </datafield>
  <datafield tag="041" ind1=" " ind2=" ">
    <subfield code="a">spa</subfield>
  </datafield>
  <datafield tag="082" ind1=" " ind2=" ">
    <subfield code="2">22</subfield>
    <subfield code="a">RD 346.015 N789i 2002</subfield>
  </datafield>
  <datafield tag="100" ind1="1" ind2="0">
    <subfield code="a">Nolasco, Daniel</subfield>
    <subfield code="q">(Nolasco Olivo, Daniel Julio)</subfield>
    <subfield code="e">autor</subfield>
    <subfield code="9">107378</subfield>
  </datafield>
  <datafield tag="245" ind1="1" ind2="0">
    <subfield code="a">Instituciones de derecho de familia / </subfield>
    <subfield code="c">Daniel Nolasco </subfield>
  </datafield>
  <datafield tag="250" ind1=" " ind2=" ">
    <subfield code="a">Primera edici&#xF3;n</subfield>
  </datafield>
  <datafield tag="260" ind1=" " ind2=" ">
    <subfield code="a">Santo Domingo :</subfield>
    <subfield code="b">Librer&#xED;a Jur&#xED;dica Virtual y Ediciones Jur&#xED;dicas Trajano Potentini,</subfield>
    <subfield code="c">2002</subfield>
  </datafield>
  <datafield tag="300" ind1=" " ind2=" ">
    <subfield code="a">2 vol&#xFA;menes ; </subfield>
    <subfield code="c">20 cm</subfield>
  </datafield>
  <datafield tag="500" ind1=" " ind2=" ">
    <subfield code="a">Informaci&#xF3;n  sobre el autor en las solapas, comentario de la obra en la contraportada. Biblioteca tiene Tomo I</subfield>
  </datafield>
  <datafield tag="504" ind1=" " ind2=" ">
    <subfield code="a">Incluye referencias bibliogr&#xE1;ficas (p&#xE1;ginas: 387-390) e &#xED;ndice</subfield>
  </datafield>
  <datafield tag="505" ind1="0" ind2=" ">
    <subfield code="a">Pr&#xF3;logo |
Introducci&#xF3;n |
Cap&#xED;tulo 1. El derecho de familia como rama del derecho privado |
Cap&#xED;tulo 2. La persona como sujeto de derecho |
Cap&#xED;tulo 3. La familia como instituci&#xF3;n basada en el parentesco |
Cap&#xED;tulo 4. El registro del estado civil como instituci&#xF3;n jur&#xED;dica |
Cap&#xED;tulo 5. El matrimonio como instituci&#xF3;n constitutiva de la familia |
Cap&#xED;tulo 6. El r&#xE9;gimen matrimonial como acto jur&#xED;dico familiar |
Cap&#xED;tulo 7. La uni&#xF3;n de hecho reconocida como familia |
Cap&#xED;tulo 8. El parentesco como instituci&#xF3;n geneon&#xF3;mica |
Cap&#xED;tulo 9. El divorcio como v&#xED;a de disoluci&#xF3;n matrimonial |
Ap&#xE9;ndice I. Ley n&#xFA;mero 659 sobre actos del Estado Civil |
Ap&#xE9;ndice II. Ley n&#xFA;mero 1306-bis sobre divorcio y sus modificaciones contenidas en leyes especiales, incluyendo la Ley 142 que instituye el divorcio al vapor en la Rep&#xFA;blica Dominicana |
Ap&#xE9;ndice III. Ley n&#xFA;mero 136 que introduce modificaciones a la Ley No. 1306-bis |
Ap&#xE9;ndice IV. Ley n&#xFA;mero 3937 que instituye la separaci&#xF3;n personal de los matrimonios can&#xF3;nicos |
Ap&#xE9;ndice V. Ley n&#xFA;mero 8-92 que pone bajo la dependencia de la Junta Central Electoral, la Direcci&#xF3;n General de la C&#xE9;dula de Identificaci&#xF3;n Personal y las oficinas y agencias expedidoras de c&#xE9;dulas, la oficina central del Estado Civil y las Oficial&#xED;as del Estado Civil |
Bibliograf&#xED;a
</subfield>
  </datafield>
  <datafield tag="650" ind1=" " ind2="7">
    <subfield code="2">lemb</subfield>
    <subfield code="a"> Derecho de familia</subfield>
    <subfield code="x">Aspectos jur&#xED;dicos</subfield>
    <subfield code="9">197508</subfield>
  </datafield>
  <datafield tag="700" ind1="1" ind2=" ">
    <subfield code="a">Garc&#xED;a Ferm&#xED;n, Franklin</subfield>
    <subfield code="e">prologuista</subfield>
    <subfield code="9">24117</subfield>
  </datafield>
  <datafield tag="942" ind1=" " ind2=" ">
    <subfield code="2">ddc</subfield>
    <subfield code="c">BK</subfield>
  </datafield>
  <datafield tag="999" ind1=" " ind2=" ">
    <subfield code="c">113905</subfield>
    <subfield code="d">113905</subfield>
  </datafield>
  <datafield tag="952" ind1=" " ind2=" ">
    <subfield code="0">0</subfield>
    <subfield code="1">0</subfield>
    <subfield code="2">ddc</subfield>
    <subfield code="7">0</subfield>
    <subfield code="8">GEN-RD</subfield>
    <subfield code="a">Principal</subfield>
    <subfield code="d">2025-05-22</subfield>
    <subfield code="l">0</subfield>
    <subfield code="o">RD 346.015 N789i 2002</subfield>
    <subfield code="p">250858</subfield>
    <subfield code="r">2025-07-22 10:16:55</subfield>
    <subfield code="t">Ej. 1</subfield>
    <subfield code="w">2025-07-22</subfield>
    <subfield code="y">BK</subfield>
  </datafield>
</record>
